Normal view
MARC view
- Subrahmanyam, N
Entry Personal Name
001 - CONTROL NUMBER
- control field: 103962
003 - CONTROL NUMBER IDENTIFIER
- control field: NUST
005 - DATE AND TIME OF LATEST TRANSACTION
- control field: 20221202100352.0
008 - FIXED-LENGTH DATA ELEMENTS
- fixed length control field: 221202|| aca||aabn | a|a d
040 ## - CATALOGING SOURCE
- Original cataloging agency: NUST
- Transcribing agency: NUST
100 ## - HEADING--PERSONAL NAME
- Personal name: Subrahmanyam, N
670 ## - SOURCE DATA FOUND
- Source citation: Work cat.: (NUST)183982: Subrahmanyam, N, Atomic and Nuclear Physics / , 2003
